[Event "GRE-chT Online Rapid op 1st"]
[Site "Tornelo INT"]
[Date "2021.02.21"]
[Round "6.29"]
[White "Diamantakos, Sotirios"]
[Black "Papageorgiou, Michail Argyrios"]
[Result "1-0"]
[WhiteElo "1477"]
[BlackElo "1066"]
[PlyCount "109"]
[EventDate "2021.02.20"]
[EventType "team-swiss (rapid)"]
[EventRounds "9"]
[EventCountry "GRE"]
[SourceTitle "EXT 2023"]
[Source "ChessBase"]
[SourceDate "2022.10.05"]
[SourceVersion "1"]
[SourceVersionDate "2022.10.05"]
[SourceQuality "1"]

1. e4 c6 2. d4 d5 3. e5 Bf5 4. h4 Bd7 5. Bd3 e6 6. f4 c5 7. c3 Nc6 8. Nf3 Qb6 9. Bc2 Qa6 10. Nbd2 b5 11. g4 c4 12. a3 Nge7 13. h5 Nc8 14. Nf1 Nb6 15. Be3 Be7 16. Ng3 h6 17. f5 Qb7 18. Qd2 0-0-0 19. g5 hxg5 20. Bxg5 Rhg8 21. Kf2 Rdf8 22. Bxe7 Nxe7 23. f6 gxf6 24. exf6 Nf5 25. Nxf5 exf5 26. Qf4 Qc6 27. Ne5 Qxf6 28. Nxd7 Nxd7 29. Qxf5 Kc7 30. Rae1 Re8 31. Rxe8 Rxe8 32. Qxf6 Nxf6 33. h6 Rh8 34. Kf3 Kd6 35. Kf4 Ke7 36. Kg5 Ne4+ 37. Bxe4 dxe4 38. Kf4 Kf6 39. Kxe4 Re8+ 40. Kd5 Kg6 41. Kc5 a6 42. Kb6 f5 43. h7 Rh8 44. d5 f4 45. d6 Kf6 46. Kc7 f3 47. d7 Ke7 48. Re1+ Kf7 49. d8Q Rxh7 50. Qd7+ Kg6 51. Re6+ Kg5 52. Qxh7 f2 53. Qf7 b4 54. Rg6+ Kh5 55. Qh7# 1-0

[Event "GRE-chT Online Rapid op 1st"]
[Site "Tornelo INT"]
[Date "2021.02.20"]
[Round "4.25"]
[White "Diamantakos, Sotirios"]
[Black "Christodoulou, Panormitis"]
[Result "1-0"]
[WhiteElo "1477"]
[BlackElo "1647"]
[PlyCount "123"]
[EventDate "2021.02.20"]
[EventType "team-swiss (rapid)"]
[EventRounds "9"]
[EventCountry "GRE"]
[SourceTitle "EXT 2023"]
[Source "ChessBase"]
[SourceDate "2022.10.05"]
[SourceVersion "1"]
[SourceVersionDate "2022.10.05"]
[SourceQuality "1"]

1. e4 c5 2. Nf3 Nc6 3. Bb5 g6 4. c3 Bg7 5. Qe2 Nf6 6. 0-0 0-0 7. d3 e6 8. Bxc6 bxc6 9. e5 Nd5 10. c4 Ne7 11. Be3 d6 12. exd6 Qxd6 13. Nc3 Nf5 14. Ne4 Qb8 15. Bxc5 Rd8 16. Rab1 e5 17. b4 Nd4 18. Nxd4 exd4 19. Qf3 Bf5 20. Rfe1 Bxe4 21. Rxe4 Bf8 22. Bxf8 Rxf8 23. Rxd4 c5 24. Rd5 cxb4 25. Rb5 Qd6 26. R5xb4 Rad8 27. R4b3 a5 28. g3 a4 29. Rc3 Qd4 30. Rbc1 Rb8 31. Qe3 Qf6 32. c5 Rb2 33. R1c2 a3 34. d4 Rb1+ 35. Kg2 Qc6+ 36. Qf3 Qe6 37. d5 Qa6 38. Qd3 Qf6 39. Rxa3 Qe5 40. Re2 Qa1 41. Qc3 Rg1+ 42. Kf3 Qb1 43. Qd3 Qa1 44. Rc3 Rd1 45. Rd2 Rxd2 46. Qxd2 Qh1+ 47. Ke2 Re8+ 48. Re3 Rxe3+ 49. Kxe3 Qxh2 50. d6 Qh6+ 51. Ke2 Qh5+ 52. Ke3 Qe5+ 53. Kf3 Qf5+ 54. Kg2 Qe4+ 55. f3 Qe8 56. d7 Qd8 57. c6 Kg7 58. Qd4+ f6 59. Qd6 Qa5 60. d8Q Qxa2+ 61. Qd2 Qe6 62. Q8d7+ 1-0

[Event "GRE-chT Online Rapid op 1st"]
[Site "Tornelo INT"]
[Date "2021.02.20"]
[Round "2.27"]
[White "Diamantakos, Sotirios"]
[Black "Loukakis, Nikolaos"]
[Result "1-0"]
[WhiteElo "1477"]
[BlackElo "1008"]
[PlyCount "63"]
[EventDate "2021.02.20"]
[EventType "team-swiss (rapid)"]
[EventRounds "9"]
[EventCountry "GRE"]
[SourceTitle "EXT 2023"]
[Source "ChessBase"]
[SourceDate "2022.10.05"]
[SourceVersion "1"]
[SourceVersionDate "2022.10.05"]
[SourceQuality "1"]

1. e4 e5 2. Nf3 Nc6 3. Bc4 Bc5 4. c3 Nf6 5. d3 h6 6. Nbd2 d6 7. h3 Be6 8. Bb3 0-0 9. Nf1 d5 10. Ng3 dxe4 11. dxe4 Qxd1+ 12. Bxd1 Rad8 13. 0-0 Rd7 14. Ba4 Rd6 15. Bxc6 bxc6 16. Nxe5 Bd7 17. Bf4 Re6 18. Nxd7 Nxd7 19. Bxc7 Rfe8 20. b4 Be7 21. f4 Bh4 22. Nf5 Bf6 23. e5 Be7 24. Nd4 Rg6 25. f5 Rg5 26. Nxc6 Kh7 27. Nxe7 Rxe7 28. Bd8 Re6 29. fxe6 Rxe5 30. exd7 Rd5 31. Rad1 Rg5 32. Bxg5 1-0

[Event "GRE-ch U14"]
[Site "Rio Achaia"]
[Date "2018.07.06"]
[Round "6"]
[White "Diamantakos, Sotirios"]
[Black "Petratos, Dimitrios"]
[Result "1-0"]
[WhiteElo "1454"]
[BlackElo "1193"]
[PlyCount "75"]
[EventDate "2018.07.03"]
[EventType "swiss"]
[EventRounds "9"]
[EventCountry "GRE"]
[SourceTitle "EXT 2019"]
[Source "ChessBase"]
[SourceDate "2018.10.10"]
[SourceVersion "1"]
[SourceVersionDate "2018.10.10"]
[SourceQuality "1"]

1. e4 e5 2. Nf3 Nc6 3. Bc4 Bc5 4. c3 Nf6 5. d4 exd4 6. cxd4 Bb4+ 7. Bd2 Nxe4 8. Bxb4 Nxb4 9. Qb3 Qe7 10. 0-0 c6 11. d5 Na6 12. Bxa6 bxa6 13. Re1 0-0 14. d6 Qxd6 15. Rxe4 Rb8 16. Qc3 Qg6 17. Nbd2 d5 18. Ree1 f6 19. Qxc6 Rxb2 20. Qxd5+ Kh8 21. Qd6 Rg8 22. Nc4 Rc2 23. Ne3 Rb2 24. Nd5 Qc2 25. Qg3 Bb7 26. Rac1 Qa4 27. Ne7 Re8 28. Nf5 Rg8 29. Nd6 Bd5 30. Rcd1 Be6 31. Rd4 Qxa2 32. Nh4 Rgb8 33. Rde4 Rb1 34. h3 Bd5 35. Re7 g6 36. Nxg6+ hxg6 37. Qh4+ Kg8 38. Qh7+ 1-0

[Event "GRE-ch U14"]
[Site "Rio Achaia"]
[Date "2018.07.06"]
[Round "5"]
[White "Mallios, Ioannis"]
[Black "Diamantakos, Sotirios"]
[Result "1-0"]
[WhiteElo "1617"]
[BlackElo "1454"]
[PlyCount "81"]
[EventDate "2018.07.03"]
[EventType "swiss"]
[EventRounds "9"]
[EventCountry "GRE"]
[SourceTitle "EXT 2019"]
[Source "ChessBase"]
[SourceDate "2018.10.10"]
[SourceVersion "1"]
[SourceVersionDate "2018.10.10"]
[SourceQuality "1"]

1. e4 e5 2. Nf3 Nc6 3. Bc4 Bc5 4. 0-0 Nf6 5. d4 Bxd4 6. Nxd4 Nxd4 7. f4 d6 8. fxe5 dxe5 9. Bg5 Be6 10. Bxf6 gxf6 11. Bxe6 Nxe6 12. Nc3 c6 13. Qf3 0-0 14. Qf5 Qb6+ 15. Kh1 Nf4 16. Rf3 Qxb2 17. Rg3+ Ng6 18. Rf1 Qxc2 19. h4 Rad8 20. h5 Rd3 21. Rxd3 Qxd3 22. hxg6 Qxc3 23. gxh7+ Kh8 24. Qxf6+ Kxh7 25. Rf3 Qxf3 26. gxf3 Kg8 27. Qxe5 f6 28. Qg3+ Kh8 29. Qd6 Kg8 30. Qe6+ Kg7 31. Kg2 Rf7 32. Kf2 c5 33. Qd6 b6 34. Ke3 Kg8 35. f4 Kg7 36. e5 fxe5 37. fxe5 Rf1 38. Qd7+ Kf8 39. e6 Re1+ 40. Kf2 Re4 41. Qf7# 1-0

[Event "GRE-ch U14"]
[Site "Rio Achaia"]
[Date "2018.07.04"]
[Round "3"]
[White "Gavriilidis, Orestis"]
[Black "Diamantakos, Sotirios"]
[Result "1/2-1/2"]
[WhiteElo "1665"]
[BlackElo "1454"]
[PlyCount "70"]
[EventDate "2018.07.03"]
[EventType "swiss"]
[EventRounds "9"]
[EventCountry "GRE"]
[SourceTitle "EXT 2019"]
[Source "ChessBase"]
[SourceDate "2018.10.10"]
[SourceVersion "1"]
[SourceVersionDate "2018.10.10"]
[SourceQuality "1"]

1. d4 Nf6 2. Nf3 d6 3. c4 g6 4. Nc3 Bg7 5. e4 Nbd7 6. Be2 0-0 7. 0-0 e5 8. Be3 Re8 9. d5 Rf8 10. Nd2 Ne8 11. b4 f5 12. f3 f4 13. Bf2 h5 14. c5 g5 15. Rc1 Qe7 16. cxd6 cxd6 17. Qc2 Ndf6 18. Nb5 a6 19. Nc7 Nxc7 20. Qxc7 Qxc7 21. Rxc7 Ne8 22. Rc3 Bd7 23. Rfc1 Nf6 24. Kf1 Rfc8 25. Nc4 Bf8 26. Nb6 Rxc3 27. Rxc3 Rb8 28. Nxd7 Nxd7 29. Rc7 Nf6 30. Ba7 Ra8 31. Rxb7 Rc8 32. Rb6 Rc1+ 33. Kf2 g4 34. Rxa6 h4 35. fxg4 Nxe4+ 1/2-1/2

[Event "GRE-ch U12"]
[Site "Achaia"]
[Date "2017.07.02"]
[Round "9"]
[White "Diamantakos, Sotirios"]
[Black "Christodoulou, Panormitis"]
[Result "1/2-1/2"]
[WhiteElo "1434"]
[BlackElo "1454"]
[PlyCount "49"]
[EventDate "2017.06.26"]
[EventType "swiss"]
[EventRounds "9"]
[EventCountry "GRE"]
[SourceTitle "EXT 2018"]
[Source "ChessBase"]
[SourceDate "2017.10.13"]
[SourceVersion "1"]
[SourceVersionDate "2017.10.13"]
[SourceQuality "1"]

1. e4 c5 2. Nf3 g6 3. d4 cxd4 4. Qxd4 Nf6 5. Nc3 Nc6 6. Qa4 Qc7 7. Nd5 Nxd5 8. exd5 Ne5 9. Bf4 Nxf3+ 10. gxf3 Qc5 11. 0-0-0 Bg7 12. Bh3 0-0 13. Be3 Qc7 14. d6 exd6 15. Rhe1 b5 16. Qb4 Bb7 17. Qxd6 Qxd6 18. Rxd6 Bxf3 19. Rxd7 a6 20. Bf4 Rfe8 21. Re3 Rxe3 22. Bxe3 Bf6 23. Ra7 Rxa7 24. Bxa7 Bg5+ 25. Be3 1/2-1/2

[Event "GRE-ch U12"]
[Site "Achaia"]
[Date "2017.06.27"]
[Round "3"]
[White "Koutlas, Nikolaos"]
[Black "Diamantakos, Sotirios"]
[Result "1/2-1/2"]
[WhiteElo "1633"]
[BlackElo "1434"]
[PlyCount "78"]
[EventDate "2017.06.26"]
[EventType "swiss"]
[EventRounds "9"]
[EventCountry "GRE"]
[SourceTitle "EXT 2018"]
[Source "ChessBase"]
[SourceDate "2017.10.13"]
[SourceVersion "1"]
[SourceVersionDate "2017.10.13"]
[SourceQuality "1"]

1. e4 e5 2. Nf3 Nc6 3. Bb5 a6 4. Ba4 Nf6 5. d3 b5 6. Bb3 Be7 7. 0-0 d6 8. c3 0-0 9. Re1 Na5 10. Bc2 c5 11. d4 Nc6 12. a4 Bg4 13. d5 Na5 14. h3 Bd7 15. Nh2 Re8 16. Nd2 Bf8 17. Kh1 g6 18. g4 Bg7 19. Rg1 Kh8 20. Ndf1 bxa4 21. Ng3 Qb6 22. Bxa4 Bxa4 23. Rxa4 Reb8 24. g5 Nd7 25. Qg4 Ra7 26. b4 Nc4 27. bxc5 Qxc5 28. Qe2 Ndb6 29. Ra1 a5 30. Ng4 Rab7 31. Qf3 a4 32. Nh6 Rf8 33. h4 f6 34. Qg4 Bxh6 35. gxh6 Qxf2 36. Rf1 Ne3 37. Bxe3 Qxe3 38. Qg5 Qxg5 39. hxg5 f5 1/2-1/2

[Event "GRE-ch U12"]
[Site "Porto Rio"]
[Date "2016.07.01"]
[Round "6"]
[White "Tzagarakis, Panagiotis"]
[Black "Diamantakos, Sotirios"]
[Result "1-0"]
[WhiteElo "1473"]
[BlackElo "1307"]
[PlyCount "111"]
[EventDate "2016.06.28"]
[EventType "swiss"]
[EventRounds "9"]
[EventCountry "GRE"]
[SourceTitle "CBM 173 Extra"]
[Source "ChessBase"]
[SourceDate "2016.08.29"]
[SourceVersion "1"]
[SourceVersionDate "2016.08.29"]
[SourceQuality "1"]

1. e4 e5 2. Nf3 Nc6 3. d4 exd4 4. Nxd4 Nf6 5. Nxc6 bxc6 6. e5 Qe7 7. Qe2 Nd5 8. Nd2 a5 9. g3 g6 10. Nf3 Bg7 11. c4 Nb6 12. Bg5 Qb4+ 13. Qd2 Qxd2+ 14. Kxd2 0-0 15. Re1 c5 16. Be7 Re8 17. Bxc5 Bb7 18. Be2 Nxc4+ 19. Bxc4 Bxf3 20. Rhf1 Rxe5 21. Rxe5 Bxe5 22. Re1 d6 23. Ba3 c5 24. Re3 Bc6 25. f4 Bf6 26. Rd3 Bd4 27. Rb3 d5 28. Rb6 Rc8 29. Bb5 Bxb5 30. Rxb5 a4 31. Ra5 Rb8 32. Rxa4 Bxb2 33. Bxc5 Bf6 34. Rb4 Rc8 35. Bd4 Be7 36. Rb5 Ra8 37. a4 h5 38. a5 Bd8 39. a6 Kf8 40. a7 Bc7 41. Bc5+ Ke8 42. Rb7 Kd7 43. Bb6 Kc6 44. Rxc7+ Kxb6 45. Rxf7 Rxa7 46. Rxa7 Kxa7 47. Kd3 Kb6 48. Kd4 Kc6 49. h3 Kd6 50. g4 hxg4 51. hxg4 Ke6 52. Kc5 d4 53. Kxd4 Kd6 54. Ke4 Ke6 55. g5 Kf7 56. Kd5 1-0

[Event "GRE-ch U10"]
[Site "Rio Achaia"]
[Date "2015.06.29"]
[Round "5.9"]
[White "Diamantakos, Sotirios"]
[Black "Kalamoukos, Grigorios"]
[Result "0-1"]
[WhiteElo "1220"]
[BlackElo "1254"]
[PlyCount "98"]
[EventDate "2015.06.26"]
[EventType "swiss"]
[EventRounds "9"]
[EventCountry "GRE"]
[SourceTitle "EXT 2024"]
[Source "ChessBase"]
[SourceDate "2023.10.10"]
[SourceVersion "1"]
[SourceVersionDate "2023.10.10"]
[SourceQuality "1"]

1. e4 c5 2. Nc3 e6 3. g3 Nc6 4. Bg2 Qc7 5. f4 d6 6. d3 Nf6 7. Be3 Bd7 8. h3 Be7 9. Nf3 a6 10. Qd2 0-0 11. 0-0 d5 12. Bf2 d4 13. Ne2 e5 14. f5 b5 15. g4 Ne8 16. h4 Nd6 17. g5 f6 18. Bg3 c4 19. h5 b4 20. b3 c3 21. Qc1 a5 22. g6 h6 23. Rf2 Ra6 24. Qb1 Qa7 25. Kh2 a4 26. Neg1 Ra8 27. Kh1 Kh8 28. Kh2 Nb5 29. Ne1 axb3 30. cxb3 Na3 31. Qc1 Qc7 32. Nc2 Nd8 33. Nxa3 Rxa3 34. Qc2 Bb5 35. Nf3 Nc6 36. Rff1 Qb6 37. Kh3 Qa6 38. Rfb1 Bxd3 39. Bf1 Bxc2 40. Bxa6 Bxb1 41. Bb7 c2 42. Bxc6 c1Q 43. Bxa8 Rxa8 44. Nd2 Qxd2 45. Rxb1 Rxa2 46. Bf4 exf4 47. Rb2 Qe3+ 48. Kg2 Rxb2+ 49. Kh1 Qc1# 0-1